000
00288nam a22001337a 4500
008
181022b xxu||||| |||| 00| 0 eng d
020
_a
9780757529795
041
_a
eng
080
_a
371
100
_a
46
101
_a
EDU
245
_a
Assessing lEARNING
_c
Fiddler, M
942
_2
udc
_c
BK
999
_c
50488
_d
50488